HAMPI A STORY IN STONE. (Record no. 1176063)

MARC details
000 -LEADER
fixed length control field 00297nam a2200121Ia 4500
008 - FIXED-LENGTH DATA ELEMENTS--GENERAL INFORMATION
fixed length control field 230724s2013 xx und d
020 ## - INTERNATIONAL STANDARD BOOK NUMBER
International Standard Book Number 8190382160
041 ## - LANGUAGE CODE
Language code of text/sound track or separate title eng
100 ## - MAIN ENTRY--PERSONAL NAME
Personal name FRITZ J.M., MICHELL G.
245 ## - TITLE STATEMENT
Title HAMPI A STORY IN STONE.
260 ## - PUBLICATION, DISTRIBUTION, ETC.
Name of publisher, distributor, etc. ELST WITH ARNOLD
Date of publication, distribution, etc. 2013
300 ## - PHYSICAL DESCRIPTION
Extent 193
Holdings
Withdrawn status Lost status Damaged status Not for loan Home library Current library Date acquired Source of acquisition Cost, normal purchase price Total Checkouts Barcode Date last seen Price effective from Koha item type
        College of Architecture, Pune College of Architecture, Pune 23/07/2024 BHARATI MADYAWARTI SAHAKARI GRAHAK BHANDAR LTD. 3000.00   ARP-BARCH-4919 23/07/2024 23/07/2024 Book